Abychom netloustli /

Main Author: Doberský, Přemysl, 1918-1983
Other Authors: Dvořáková, Eva, 1954 prosinec 30.-, Rath, Ratmír, 1931-2014, Horáčková, Jitka, Dvořák, Tomáš, 1952-
Language: Czech
Published: Praha : Avicenum, 1987
Edition: 4. vyd.
Online Access: Digitalizovaný dokument
Physical Description: 243 s. : tb., [16] s. barev. fot. ; 20 cm
Book
Saved in:
LEADER 01438nam a2200349 a 4500
001 000627630
003 CZ BrMZK
005 20120801123633.0
007 ta
008 021004s1987 xr af f cze d
015 |a cnb000035746 
020 |q (Brož.) 
035 |a (OCoLC)39423318 
040 |a BOA001  |c ze  |d BOA001 
080 |a 613.24  |2 MRF 
100 1 |a Doberský, Přemysl,  |d 1918-1983  |7 jk01022400  |4 aut 
245 1 0 |a Abychom netloustli /  |c Přemysl Doberský, Jitka Horáčková ; doslov Ratmír Rath ; fot. Eva a Tomáš Dvořákovi 
250 |a 4. vyd. 
260 |a Praha :  |b Avicenum,  |c 1987  |f (SG) 
300 |a 243 s. :  |b tb., [16] s. barev. fot. ;  |c 20 cm 
500 |a Obálka Miloš Jirsa 
700 1 |a Dvořáková, Eva,  |d 1954 prosinec 30.-  |7 jn19981000894  |4 ill 
700 1 |a Rath, Ratmír,  |d 1931-2014  |7 xx0103862  |4 wfw 
700 1 |a Horáčková, Jitka  |7 jk01042032  |4 aut 
700 1 |a Dvořák, Tomáš,  |d 1952-  |7 jn19981000880  |4 ill 
856 4 1 |u http://www.digitalniknihovna.cz/mzk/uuid/uuid:5749de90-4561-11e3-ad8c-005056827e52  |y Digitalizovaný dokument  |x NDK 
910 |a BOA001  |b 2-0926.643  |b TK-0235.306 
920 |a 000246148 
964 |a Dieta redukční - jídla dietní - kuchařky (knihy) 
990 |a BK 
996 7 |b 2619673157  |c 2-0926.643  |l MZK  |r Sklad / do 1 hodiny  |n 1  |w 000627630  |u 000010  |a 1  |e BOA001  |j MZK50  |s A 
996 7 |b 2629960207  |c TK-0235.306  |l MZK  |r Sklad / do 24 hodin  |n 3  |w 000627630  |u 000020  |a 1  |e BOA001  |j MZK50  |s A